Algoritmo de las particiones
-д хадгалсан:
| Үндсэн зохиолч: | |
|---|---|
| Формат: | Ном |
| Хэл сонгох: | испани |
| Хэвлэсэн: |
Valparaíso
Universidad Católica de Valparaíso
1985
|
| Цуврал: | Veinte Algoritmos
|
| Нөхцлүүд: | |
| Шошгууд: |
Шошго нэмэх
Шошго байхгүй, Энэхүү баримтыг шошголох эхний хүн болох!
|
MARC
| LEADER | 00000nam a2200000 a 4500 | ||
|---|---|---|---|
| 001 | UCM3130 | ||
| 003 | CL-VaPUC | ||
| 008 | 020628e19850000CL |||||||||||||||||spa|d | ||
| 082 | 0 | 4 | |a 511.8 |b IOM |2 21 |
| 100 | |a Iommi Amunátegui, Godofredo Tomás |e autor |9 604202 | ||
| 245 | 1 | 0 | |a Algoritmo de las particiones |
| 300 | |a 41 p | ||
| 942 | |c BK | ||
| 945 | |d 20020628 00:00:00 |a vberengu | ||
| 260 | |a Valparaíso |b Universidad Católica de Valparaíso |c 1985 | ||
| 650 | 0 | |a Algoritmos |9 260639 | |
| 650 | 0 | |a Lógica matemática |9 262442 | |
| 650 | 0 | |a Particiones matemáticas |9 359664 | |
| 650 | 0 | |a Teoría de números |9 265327 | |
| 583 | |a last modification |c 20020628 00:00:00 |k Rodrigo Vera | ||
| 490 | 0 | |a Veinte Algoritmos | |
| 999 | |c 300627 |d 300625 | ||
| 952 | |0 0 |1 0 |4 0 |6 511_800000000000000_IOM_1985 |7 0 |8 R |9 358631 |a BIBARQ |b BIBARQ |d 2019-11-21 |i 3823970 |o 511.8 IOM 1985 |p 3823970 |r 2025-01-20 |w 2019-11-21 |y BK_R |k ARQ | ||
| 952 | |0 0 |1 0 |4 0 |6 511_800000000000000_IOM_1985 |7 0 |8 R |9 358632 |a BIBARQ |b BIBARQ |d 2019-11-21 |i 3823989 |o 511.8 IOM 1985 |p 3823989 |r 2025-01-20 |w 2019-11-21 |y BK_R |k ARQ | ||
| 952 | |0 0 |1 0 |4 0 |6 511_800000000000000_IOM_1985 |7 0 |8 R |9 358633 |a BIBARQ |b BIBARQ |d 2019-11-21 |i 3823997 |o 511.8 IOM 1985 |p 3823997 |r 2025-01-20 |w 2019-11-21 |y BK_R |k ARQ | ||
| 952 | |0 0 |1 0 |4 0 |6 511_800000000000000_IOM_1985 |7 0 |8 R |9 358634 |a BIBARQ |b BIBARQ |d 2019-11-21 |i 4011325 |o 511.8 IOM 1985 |p 4011325 |r 2025-01-20 |w 2019-11-21 |y BK_R |k ARQ | ||
| 952 | |0 0 |1 0 |4 0 |6 511_800000000000000_IOM_1985 |7 0 |8 R |9 358635 |a BIBARQ |b BIBARQ |d 2019-11-21 |i 4011333 |o 511.8 IOM 1985 |p 4011333 |r 2025-01-20 |w 2019-11-21 |y BK_R |k ARQ | ||